| 000 | 00472pab a2200181 454500 | ||
|---|---|---|---|
| 008 | 180718b2009 xxu||||| |||| 00| 0 eng d | ||
| 100 | _aMartin, Andrew W. | ||
| 245 | _aWhy targets matter: toward a more inclusive model of collective violence | ||
| 260 | _c2009 | ||
| 300 | _ap.821-41. | ||
| 362 | _aOct | ||
| 650 | _aViolence | ||
| 700 | _aMcPhail, Clark | ||
| 700 | _aMcCarthy, John D. | ||
| 773 | _aAmerican Sociological Review | ||
| 908 | _aN | ||
| 909 | _a84530 | ||
| 999 |
_c84530 _d84530 |
||